|
|
|
|
| LEADER |
00000cam a2200000 7i4500 |
| 001 |
0000007654 |
| 002 |
000008223 |
| 005 |
20000330.0 |
| 020 |
|
|
|a 9838932817
|
| 090 |
0 |
0 |
|a F
|b FAT
|
| 100 |
0 |
|
|a Fatinilam Sari Ahmad
|
| 245 |
1 |
0 |
|a Untaian Rindu
|c Fatinilam Sari Ahmad
|
| 260 |
|
|
|a Kuala Lumpur :
|b Creative Enterprise Sdn.Bhd. ,
|c 1995
|
| 300 |
|
|
|a 174p. ;
|c 18cm.
|
| 999 |
|
|
|a 052099
|b BUKU
|c PINJAMAN
|e PERPUSTAKAAN KOMUNITI PETALING JAYA
|
| 999 |
|
|
|a 052100
|b BUKU
|c PINJAMAN
|e PERPUSTAKAAN KOMUNITI PETALING JAYA
|
| 999 |
|
|
|a 054939
|b BUKU
|c PINJAMAN
|e PERPUSTAKAAN KOMUNITI CAW KOTA DAMANSARA
|